|
|
|
|
| LEADER |
02886nam a22004813i 4500 |
| 001 |
EBC6913628 |
| 003 |
MiAaPQ |
| 005 |
20231204023221.0 |
| 006 |
m o d | |
| 007 |
cr cnu|||||||| |
| 008 |
231204s2021 xx o ||||0 cze d |
| 020 |
|
|
|a 9788021099272
|q (electronic bk.)
|
| 035 |
|
|
|a (MiAaPQ)EBC6913628
|
| 035 |
|
|
|a (Au-PeEL)EBL6913628
|
| 035 |
|
|
|a (OCoLC)1305840971
|
| 040 |
|
|
|a MiAaPQ
|b eng
|e rda
|e pn
|c MiAaPQ
|d MiAaPQ
|
| 100 |
1 |
|
|a Nováková, Ester.
|
| 245 |
1 |
0 |
|a XIII. studentská vědecká konference Katedry českého jazyka a literatury :
|b 18. března 2021.
|
| 250 |
|
|
|a 1st ed.
|
| 264 |
|
1 |
|a Brno :
|b Masaryk University,
|c 2021.
|
| 264 |
|
4 |
|c {copy}2021.
|
| 300 |
|
|
|a 1 online resource (112 pages)
|
| 336 |
|
|
|a text
|b txt
|2 rdacontent
|
| 337 |
|
|
|a computer
|b c
|2 rdamedia
|
| 338 |
|
|
|a online resource
|b cr
|2 rdacarrier
|
| 490 |
1 |
|
|a Sborník prací Pedagogické fakulty Masarykovy univerzity ;
|v v.278
|
| 505 |
0 |
|
|a Intro -- OBSAH -- Úvod -- Současný stav podkrkonošského nářečí (Gabriela Čermáková) -- Metodologie výzkumu výslovnosti druhého jazyka (Radim Ošmera) -- Jazyková specifika výuky českého jazyka bilingvních dětí mladšího školního věku v česko-francouzském prostředí (Veronika Tinková) -- Alternativní metody ve výuce češtiny na SŠ (Zuzana Procházková) -- Já jsem Vinnetou!?: Prvky identifikace s literárním dílem a divadelním představením u dětí ve věku 8-9 let (Miroslav Jindra) -- Co je lettrismus? (Tereza Švandová) -- Obraz Panny Marie ve vybraných dílech Jaroslava Durycha (Klára Březinová) -- „Džungle, má lásko" aneb Prsatý muž a zloděj příběhů Josefa Formánka (Ondřej Zabloudil Pechník) -- Motiv iniciační cesty v díle Martina Ryšavéhoa Vladimir a Sorokina (Alexandra Gončarenko).
|
| 588 |
|
|
|a Description based on publisher supplied metadata and other sources.
|
| 590 |
|
|
|a Electronic reproduction. Ann Arbor, Michigan : ProQuest Ebook Central, 2023. Available via World Wide Web. Access may be limited to ProQuest Ebook Central affiliated libraries.
|
| 655 |
|
4 |
|a Electronic books.
|
| 700 |
1 |
|
|a Zabloudil, Ondřej.
|
| 700 |
1 |
|
|a Čermáková, Gabriela.
|
| 700 |
1 |
|
|a Ošmera, Radim.
|
| 700 |
1 |
|
|a Tinková, Veronika.
|
| 700 |
1 |
|
|a Procházková, Zuzana.
|
| 700 |
1 |
|
|a Jindra, Miroslav.
|
| 700 |
1 |
|
|a Švandová, Tereza.
|
| 700 |
1 |
|
|a Březinová, Klára.
|
| 700 |
1 |
|
|a Gončarenko, Alexandra.
|
| 776 |
0 |
8 |
|i Print version:
|a Nováková, Ester
|t XIII. studentská vědecká konference Katedry českého jazyka a literatury
|d Brno : Masaryk University,c2021
|
| 797 |
2 |
|
|a ProQuest (Firm)
|
| 830 |
|
0 |
|a Sborník prací Pedagogické fakulty Masarykovy univerzity
|
| 856 |
4 |
0 |
|u https://ebookcentral.proquest.com/lib/matrademy/detail.action?docID=6913628
|z Click to View
|